Where am I?? #8 - Statistics

General Stats
  • This quiz has been taken 66 times
  • The average score is 5 of 6
Answer Stats
Instructions Answer Hint % Correct
Say 1 to receive your hint! 1 Another capital...
100%
Say 2 to receive your hint! 2 Another islamic country.
100%
Say 3 to receive your hint! 3 Seems Mediterranean.
100%
Say 4 to receive your hint! 4 I see a sign for Tripoli!
100%
Say 5 to receive your hint! 5 But it's Asian???
95%
Name the city! Beirut
47%
No matching quizzes found
Score Distribution
Percent of People with Each Score
Percentile by Number Answered
Your Score History
You have not taken this quiz